Melesoğlu Homeros'a yolculuk (Record no. 34)

MARC details
000 -BAŞLIK
Sabit Uzunlukta Kontrol Alanı 00591na a2200229 4500
001 - KONTROL NUMARASI
Denetim Alanı 14233
003 - KONTROL NUMARASI IDENTIFIER
Denetim Alanı MIRAKIL
005 - SON İŞLEM TARİHİ VE ZAMANI
Denetim Alanı 20181213154731.0
008 - SABİT-BOY VERİ ELEMANLARI - GENEL BİLGİLER
Sabit Uzunlukta Kontrol Alanı 161102b tu 000 0
035 ## - SİSTEM KONTROL NUMARASI
Sistem Kontrol Numarası 14233
040 ## - KATALOGLAMA KAYNAK
Orijinal Kataloglama Ajansı Milas
Kataloglama Dili tur
Metne Dönüştürmek Ajansı TR-AnCHP
041 ## - DİL KODU
Metin / Ses Parça Veya Ayrı Başlığın Dil Kodu tur
082 ## - DEWEY ONLU SINIFLANDIRMA NUMARASI
Sınıflandırma Numarası 939.1
Ürün Numarası I74m 2001
090 ## - SINIFLAMA NUMARASI
Sınıflama Numarası 939.1 I74m 2001
100 ## - ANA GİRİŞ - KİŞİSEL İSİM
Kişisel Ad Işık, Haluk
245 ## - BAŞLIK TABLOSU
Başlık Melesoğlu Homeros'a yolculuk
Sorumluluk Tablosu, Vb Haluk Işık
260 ## - YAYIN, DAĞITIM, VB
Yayın, Dağıtım, Vb Yeri İzmir
Yayıncı, Dağıtıcı, Vs Adı İzmir Büyükşehir Belediyesi
Yayın, Dağıtım, Vb Tarihi 2001
300 ## - FİZİKSEL TANIM
Kapsam 35 s.
Boyutlar 21 sm.
650 ## - KONU KATMA GİRİŞ - TOPİKAL DÖNEM
Topikal Süreli Veya Coğrafi Ad Giriş Elemanı Tarih
Genel Alt Bölümü Eski dünya
651 ## - KONU KATMA GİRİŞ - COĞRAFİ ADI
Coğrafi İsim Ege adaları
Genel Alt Bölümü Tarih
942 ## - EKLENDİ GİRİŞ ELEMANLARI (KOHA)
Sınıflandırma Veya Raf Düzeni Kaynak
Koha Öğesi Türü Books
999 ## - SİSTEM KONTROL NUMARALARI (KOHA)
Koha Biblionumber 34
Koha Biblioitemnumber 34
Holdings
Kalıcı Konum Mevcut Konum Edinme Tarihi Edinim Kaynak Toplam Check-Out'Lar Tam Çağrı Numarası Barkod Tarih Son Görülme İtibaren Geçerli Fiyatlar Koha Öğesi Türü
CHP Kütüphanesi CHP Kütüphanesi 08/25/2016 Bağış   939.1 I74m 2001 001071 08/25/2016 08/25/2016 Books